00868naa#a2200193#i#4500001001600000005001700016011001400033100004100047102000700088200020800095210009400303215001100397608004500408675003400453700005800487700005200545700005400597856002300651RU\\bibl\11763520260415035923.3##a1813-4327##a20231227b2023####ek#y0rusy0150####ca##aRU1#aСОЦИАЛЬНО-БИОЛОГИЧЕСКАЯ ХАРАКТЕРИСТИКА ЛИЧНОСТИ ВОРОВ В ЗАКОНЕ ГРУЗИНСКОЙ НАЦИОНАЛЬНОСТИeЖурнальная статья1#aВолгоградcВолгоградская академия МВД Россииd2023##a12 с.##aЖурнальная статья2local##aличности. 343.982.323#1aБожченкоgАлександр Петрович#1aАрдашевgРоман Георгиевич#1aКитаевgНиколай Николаевич4#ava-mvd.editorum.ru